000 00522nam a2200181Ia 4500
005 20250508160643.0
008 008 250505s9999 xx 000 0 eng d
037 _aTextual
040 _aFEDL
_beng
_cFEDL
041 _aeng
_2eng
084 _a371.927, SHE
_qFEDL
100 _aSheehan Joseph G
_9769029
245 0 _aStuttering : Research and therapy
260 _aNew York, USA
_bHarper and Row Publisher
_c1970
300 _aviii,424p.
942 _cTEXL
_h371.927, SHE
999 _c1365853
_d1365853